000 00679cam a2200241 a 4500
001 12652612
003 OSt
005 20240614105124.0
008 020123s2002 nyua b 001 0 eng
010 _a 2002019729
020 _a038795452X
040 _aDDC
_cMUST
082 0 0 _a518
_222
100 1 _aStoer, J.
_917189
245 1 0 _aIntroduction to numerical analysis /
_bTexts in applied mathematics
250 _a3rd ed.
260 _aNew York :
_bSpringer,
_cc2002.
300 _axv, 744 p. :
_bill. ;
_c25 cm.
504 _aIncludes bibliographical references and indexes
650 0 _aNumerical analysis.
_93742
700 1 _aBulirsch, R.
_917190
942 _2ddc
_cBOOK
999 _c8455
_d8455